|
|
|
|
| LEADER |
00000nam0a2200000 4500 |
| 001 |
356959 |
| 005 |
20231102010938.0 |
| 035 |
|
|
|a (RuTPU)RU\TPU\retro\14219
|
| 090 |
|
|
|a 356959
|
| 100 |
|
|
|a 20200724d1935 m y0rusy50 ca
|
| 101 |
0 |
|
|a rus
|
| 102 |
|
|
|a RU
|
| 105 |
|
|
|a y z 000zy
|
| 200 |
1 |
|
|a Компартия Чехословакии в борьбе за единый фронт
|f К. Готвальд
|
| 210 |
|
|
|a [Москва]
|c Партиздат ЦК ВКП(б)
|d 1935
|
| 215 |
|
|
|a 24 с.
|
| 300 |
|
|
|a Выступление на 7 Всемирном конгрессе коммунистического Интернационала
|
| 606 |
1 |
|
|a Коммунистические партии отдельных зарубежных стран
|x Европы
|2 stltpush
|3 (RuTPU)RU\TPU\subj\14923
|9 41243
|
| 610 |
1 |
|
|a компартия
|
| 610 |
1 |
|
|a Чехословакия
|
| 610 |
1 |
|
|a пролетариат
|
| 610 |
1 |
|
|a народный фронт
|
| 610 |
1 |
|
|a единство
|
| 610 |
1 |
|
|a сотрудничество
|
| 610 |
1 |
|
|a социал-демократы
|
| 610 |
1 |
|
|a коммунисты
|
| 610 |
1 |
|
|a выступления
|
| 686 |
|
|
|a Ф61(4)
|v LBC/SL-A
|2 rubbk
|
| 700 |
|
1 |
|a Готвальд
|b К.
|c политический деятель Чехословакии
|f 1896-1953
|g Клемент
|2 stltpush
|3 (RuTPU)RU\TPU\pers\35437
|9 18634
|
| 801 |
|
1 |
|a RU
|b 63413507
|c 20200724
|
| 801 |
|
2 |
|a RU
|b 63413507
|c 20200911
|g RCR
|
| 942 |
|
|
|c BK
|